000 00594nam a2200241Ia 4500
003 OSt
005 20221007100425.0
006 a|||||r|||| 00| 0
007 ta
008 221006b |||||||| |||| 00| 0 eng d
024 _a4,385
037 _cTextual
040 _aLCO
_cLCO
_beng
041 _2eng
_aeng
082 _aX:95.2, M0
100 _aNARAYANA D L
245 0 _aPlanning for employment
260 _aNew
_bDelhi Sterling Pub.
_c1980
300 _a325
650 _aEMPLOYMENT
942 _hX:95.2, M0
_cTEXL
999 _c1173948
_d1173948